[Event "FRA-ch U12/16"]
[Site "Agen"]
[Date "2023.04.29"]
[Round "8"]
[White "Charlier, Antoine"]
[Black "Cassam Chenai, Antoine"]
[Result "1-0"]
[WhiteElo "1982"]
[BlackElo "2172"]
[PlyCount "103"]
[EventDate "2023.04.23"]
[EventType "swiss"]
[EventRounds "9"]
[EventCountry "FRA"]
[SourceTitle "CBM 214 Extra"]
[Source "ChessBase"]
[SourceDate "2023.07.31"]
[SourceVersion "1"]
[SourceVersionDate "2023.07.31"]
[SourceQuality "1"]

1. d4 d5 2. c4 e6 3. Nc3 a6 4. cxd5 exd5 5. Bf4 Nf6 6. e3 Bd6 7. Bg5 c6 8. Bd3 Be6 9. f4 Be7 10. Nf3 Bg4 11. 0-0 h6 12. Bxf6 Bxf6 13. Qb3 Bc8 14. Ne5 Nd7 15. Na4 Nxe5 16. fxe5 Bg5 17. Bf5 Bxf5 18. Rxf5 0-0 19. Raf1 Qc7 20. Qd3 Rad8 21. Nc5 Be7 22. e6 f6 23. Nd7 Rxd7 24. exd7 Qxd7 25. R5f3 Qe6 26. Qf5 Qxf5 27. Rxf5 g6 28. R5f3 f5 29. h3 h5 30. g4 hxg4 31. hxg4 fxg4 32. Rxf8+ Bxf8 33. Kg2 Bh6 34. Re1 Kf7 35. Kg3 Bg7 36. Kxg4 Bf6 37. Rc1 Bd8 38. a3 Ke6 39. Rh1 g5 40. Rh8 Kd7 41. Kf5 a5 42. a4 b6 43. Rh7+ Kd6 44. Rg7 Be7 45. Rg6+ Kd7 46. Ke5 Bd8 47. Rg7+ Be7 48. b3 Kd8 49. Ke6 Bb4 50. Rxg5 Bd2 51. Kd6 Kc8 52. Kxc6 1-0

[Event "FRA-ch op-A"]
[Site "Albi"]
[Date "2022.08.13"]
[Round "1"]
[White "Cassam Chenai, Antoine"]
[Black "Rabineau, Clement"]
[Result "1-0"]
[WhiteElo "2047"]
[BlackElo "2193"]
[PlyCount "56"]
[EventDate "2022.08.13"]
[EventType "swiss"]
[EventRounds "9"]
[EventCountry "FRA"]
[SourceTitle "CBM 210 Extra"]
[Source "ChessBase"]
[SourceDate "2022.11.30"]
[SourceVersion "1"]
[SourceVersionDate "2022.11.30"]
[SourceQuality "1"]

1. e4 d6 2. d4 g6 3. Nc3 Bg7 4. Be3 a6 5. Qd2 Nd7 6. h4 h6 7. 0-0-0 b5 8. f3 Bb7 9. Kb1 Rc8 10. Nh3 c5 11. dxc5 Nxc5 12. Bd4 Nf6 13. Nd5 Bxd5 14. exd5 Qc7 15. g4 Na4 16. Bd3 0-0 17. Nf4 Ne8 18. Bxg7 Nxg7 19. Nxg6 fxg6 20. Qxh6 Rf6 21. h5 Nc3+ 22. bxc3 Qxc3 23. hxg6 Qb4+ 24. Kc1 Qa3+ 25. Kd2 Qc3+ 26. Ke2 Qe5+ 27. Be4 Rxc2+ 28. Kf1 Nh5 1-0

[Event "FRA-ch U14"]
[Site "Agen"]
[Date "2022.04.18"]
[Round "3"]
[White "Pierrot, Yohann"]
[Black "Cassam Chenai, Antoine"]
[Result "0-1"]
[WhiteElo "1693"]
[BlackElo "1971"]
[PlyCount "82"]
[EventDate "2022.04.16"]
[EventType "swiss"]
[EventRounds "9"]
[EventCountry "FRA"]
[SourceTitle "EXT 2023"]
[Source "ChessBase"]
[SourceDate "2022.10.05"]
[SourceVersion "1"]
[SourceVersionDate "2022.10.05"]
[SourceQuality "1"]

1. e4 c5 2. d4 cxd4 3. c3 Nf6 4. e5 Nd5 5. cxd4 e6 6. Nc3 Nxc3 7. bxc3 Qc7 8. Bd2 b6 9. f4 Bb7 10. Nf3 d6 11. Bd3 Be7 12. 0-0 0-0 13. Qe1 Ba6 14. Bxa6 Nxa6 15. Qg3 f5 16. Ng5 Bxg5 17. Qxg5 dxe5 18. fxe5 Rf7 19. Rf3 Qc4 20. Qe3 Rc8 21. Qd3 Rd7 22. a4 Qxd3 23. Rxd3 Rc4 24. a5 b5 25. Rb1 Rd5 26. Ra1 Nc7 27. Kf2 a6 28. Be3 Rd7 29. g3 Nd5 30. Bd2 Rdc7 31. Ra3 Ra4 32. Rxa4 bxa4 33. Ke2 a3 34. Bc1 Nxc3+ 35. Kf3 a2 36. Bb2 Na4 37. Ra3 Nxb2 38. Rxa2 Rc3+ 39. Kf4 h6 40. h4 Nd3+ 41. Ke3 Nb4+ 0-1

[Event "FRA-ch U12"]
[Site "Agen"]
[Date "2021.10.31"]
[Round "9"]
[White "Zienkiewicz, Jan"]
[Black "Cassam Chenai, Antoine"]
[Result "1-0"]
[WhiteElo "2050"]
[BlackElo "1962"]
[PlyCount "85"]
[EventDate "2021.10.22"]
[EventType "swiss"]
[EventRounds "9"]
[EventCountry "FRA"]
[SourceTitle "EXT 2023"]
[Source "ChessBase"]
[SourceDate "2022.10.05"]
[SourceVersion "1"]
[SourceVersionDate "2022.10.05"]
[SourceQuality "1"]

1. e4 c5 2. Nf3 d6 3. d4 cxd4 4. Nxd4 Nf6 5. Nc3 Nc6 6. Nb3 e6 7. Be3 Be7 8. Be2 a6 9. f4 b5 10. Bf3 Bb7 11. 0-0 Qc7 12. a4 b4 13. Ne2 Na5 14. Nxa5 Qxa5 15. Qd3 d5 16. e5 Ne4 17. Kh1 g6 18. Nd4 h5 19. Rfd1 Nc5 20. Qd2 Rc8 21. Qf2 Qc7 22. a5 Nd7 23. Rd2 Nb8 24. Nb3 Nd7 25. Nd4 Nc5 26. Rdd1 Ne4 27. Bxe4 dxe4 28. Rd2 0-0 29. g4 hxg4 30. Rg1 Bc5 31. c3 Bxd4 32. cxd4 Kg7 33. Rxg4 Bd5 34. f5 exf5 35. Qxf5 Qc1+ 36. Kg2 Rc6 37. Qf4 Rh8 38. Rf2 Qe1 39. e6 Qxf2+ 40. Qxf2 Bxe6 41. Rg5 Bh3+ 42. Kg3 f5 43. d5 1-0

[Event "FRA-ch U12"]
[Site "Agen"]
[Date "2021.10.29"]
[Round "7"]
[White "Bedhouche, Rayan"]
[Black "Cassam Chenai, Antoine"]
[Result "0-1"]
[WhiteElo "1597"]
[BlackElo "1962"]
[PlyCount "62"]
[EventDate "2021.10.22"]
[EventType "swiss"]
[EventRounds "9"]
[EventCountry "FRA"]
[SourceTitle "EXT 2023"]
[Source "ChessBase"]
[SourceDate "2022.10.05"]
[SourceVersion "1"]
[SourceVersionDate "2022.10.05"]
[SourceQuality "1"]

1. e4 e5 2. Nf3 Nc6 3. Bc4 Nf6 4. d3 h6 5. 0-0 d6 6. Re1 g5 7. c3 g4 8. Nfd2 h5 9. Nf1 h4 10. d4 Bg7 11. Na3 Nh5 12. Nc2 Qf6 13. Be3 Qg6 14. dxe5 Nxe5 15. Bb5+ c6 16. Bd3 Nf3+ 17. gxf3 gxf3+ 18. Ng3 hxg3 19. Qxf3 gxh2+ 20. Kh1 Be5 21. Nd4 Bg4 22. Qg2 0-0-0 23. Nf5 Kb8 24. Ne7 Qe6 25. Nf5 Rdg8 26. Bc2 Bd1 27. Qxg8+ Rxg8 28. Raxd1 Qg6 29. Nh4 Qg4 30. f4 Ng3+ 31. Kxh2 Nf1+ 0-1

[Event "Cappelle Online Blitz op"]
[Site "Europe Echecs INT"]
[Date "2021.03.07"]
[Round "7"]
[White "Cassam Chenai, Antoine"]
[Black "Mallassagne, Francois Eric"]
[Result "1/2-1/2"]
[WhiteElo "1842"]
[BlackElo "2149"]
[PlyCount "147"]
[EventDate "2021.03.07"]
[EventType "swiss (blitz)"]
[EventRounds "11"]
[EventCountry "FRA"]
[SourceTitle "CBM 201 Extra"]
[Source "ChessBase"]
[SourceDate "2021.05.31"]
[SourceVersion "1"]
[SourceVersionDate "2021.05.31"]
[SourceQuality "1"]

1. d4 Nf6 2. Nf3 d5 3. e3 Bg4 4. h3 Bh5 5. g4 Bg6 6. Bg2 Nbd7 7. 0-0 e6 8. c4 c6 9. Nc3 Ne4 10. Nxe4 Bxe4 11. Bd2 Bd6 12. cxd5 exd5 13. Qe1 h5 14. Bb4 Bc7 15. gxh5 Rxh5 16. Nd2 Bxg2 17. Kxg2 Qg5+ 18. Kf3 Rxh3+ 19. Ke2 0-0-0 20. Nb3 b6 21. a4 a5 22. Ba3 f5 23. Rc1 Kb7 24. Qc3 Qf6 25. Be7 Qe6 26. Bxd8 Bxd8 27. Rh1 Rxh1 28. Rxh1 Bf6 29. Qc2 f4 30. Rc1 fxe3 31. fxe3 Bg5 32. Qc3 Nf6 33. Nd2 Ng4 34. Nf1 Nf6 35. Nd2 Qg4+ 36. Nf3 c5 37. dxc5 Qg2+ 38. Kd3 Qxf3 39. c6+ Kc8 40. Qe5 Qe4+ 41. Qxe4 dxe4+ 42. Kd4 Kc7 43. Rg1 Bh6 44. Rc1 g5 45. Rf1 Bg7 46. Ke5 Kxc6 47. Kf5 g4 48. Kg6 Bh8 49. Rh1 Nh5 50. Kxh5 g3 51. Rg1 Be5 52. Kg5 Kd5 53. Kf5 Bc7 54. Rd1+ Kc6 55. Kxe4 Bb8 56. Kf3 Kc5 57. e4 Kb4 58. Rd4+ Kb3 59. Rd8 Be5 60. Rd5 Bxb2 61. Rb5+ Ka3 62. Kxg3 Bd4 63. Kf4 Kxa4 64. Rb1 b5 65. e5 b4 66. Ke4 Bxe5 67. Kxe5 Ka3 68. Kd4 Ka2 69. Rg1 b3 70. Kc3 a4 71. Rg2+ Ka1 72. Rb2 a3 73. Rxb3 a2 74. Rb2 1/2-1/2

[Event "Cappelle Online Blitz op"]
[Site "Europe Echecs INT"]
[Date "2021.03.07"]
[Round "5"]
[White "Thomas, Anysia"]
[Black "Cassam Chenai, Antoine"]
[Result "0-1"]
[WhiteElo "2164"]
[BlackElo "1842"]
[PlyCount "90"]
[EventDate "2021.03.07"]
[EventType "swiss (blitz)"]
[EventRounds "11"]
[EventCountry "FRA"]
[SourceTitle "CBM 201 Extra"]
[Source "ChessBase"]
[SourceDate "2021.05.31"]
[SourceVersion "1"]
[SourceVersionDate "2021.05.31"]
[SourceQuality "1"]

1. d4 Nf6 2. c4 e6 3. Nf3 Bb4+ 4. Nbd2 d5 5. Qa4+ Nc6 6. e3 Bd7 7. Qc2 0-0 8. Bd3 dxc4 9. Bxc4 Bd6 10. 0-0 e5 11. b3 exd4 12. exd4 Bg4 13. Bb2 Re8 14. h3 Bh5 15. a3 Bg6 16. Bd3 Bxd3 17. Qxd3 Nh5 18. d5 Nf4 19. Qf5 Ne7 20. Qg4 Nfg6 21. Qd4 Nf5 22. Qc3 Nf4 23. Qc2 Qd7 24. Rae1 Nxd5 25. g4 Nfe7 26. Nc4 Ng6 27. Qd3 Ndf4 28. Qc3 f6 29. Nxd6 Nxh3+ 30. Kg2 Ngf4+ 31. Kh1 Qxd6 32. Qc4+ Kh8 33. Rd1 Nxf2+ 34. Rxf2 Qxd1+ 35. Kh2 Qd7 36. Kg3 Ng6 37. Qc3 Qd6+ 38. Kg2 Ne5 39. Nxe5 Rxe5 40. Qc2 Qd5+ 41. Kg3 Re3+ 42. Kh2 Qd6+ 43. Kg2 Qg3+ 44. Kf1 Rae8 45. Rg2 Re1# 0-1

[Event "Cappelle Online Blitz op"]
[Site "Europe Echecs INT"]
[Date "2021.03.07"]
[Round "1"]
[White "Xu, Yi"]
[Black "Cassam Chenai, Antoine"]
[Result "1-0"]
[WhiteElo "2527"]
[BlackElo "1842"]
[PlyCount "69"]
[EventDate "2021.03.07"]
[EventType "swiss (blitz)"]
[EventRounds "11"]
[EventCountry "FRA"]
[SourceTitle "CBM 201 Extra"]
[Source "ChessBase"]
[SourceDate "2021.05.31"]
[SourceVersion "1"]
[SourceVersionDate "2021.05.31"]
[SourceQuality "1"]

1. e4 c5 2. Nf3 e6 3. d4 cxd4 4. Nxd4 Nc6 5. Nc3 Qc7 6. g3 a6 7. Bg2 Nf6 8. 0-0 Nxd4 9. Qxd4 Bc5 10. Bf4 d6 11. Qd2 0-0 12. Rad1 Rd8 13. e5 Ne8 14. exd6 Bxd6 15. Ne4 e5 16. Bxe5 Bg4 17. Nxd6 Bxd1 18. Rxd1 Nxd6 19. Bxd6 Qb6 20. c4 Rac8 21. c5 Rxc5 22. Bxc5 Rxd2 23. Rxd2 Qc7 24. Be3 h5 25. h4 g6 26. Bf3 Kh7 27. Kg2 Qc4 28. a3 Qb3 29. Rd7 Kg8 30. Rxb7 Qc4 31. b4 Qd3 32. a4 Qb3 33. a5 Qc4 34. b5 axb5 35. a6 1-0

[Event "FRA-ch Blitz Online Qual"]
[Site "Europe Echecs INT"]
[Date "2020.05.16"]
[Round "14"]
[White "Cassam Chenai, Antoine"]
[Black "Kuhn, Clement"]
[Result "0-1"]
[WhiteElo "1839"]
[BlackElo "2150"]
[PlyCount "74"]
[EventDate "2020.05.16"]
[EventType "swiss (blitz)"]
[EventRounds "15"]
[EventCountry "FRA"]
[SourceTitle "CBM 196 Extra"]
[Source "ChessBase"]
[SourceDate "2020.07.31"]
[SourceVersion "1"]
[SourceVersionDate "2020.07.31"]
[SourceQuality "1"]

1. e4 c5 2. Nf3 Nc6 3. Bb5 g6 4. Bxc6 dxc6 5. d3 Bg7 6. h3 Nf6 7. Nc3 0-0 8. Be3 b6 9. 0-0 e5 10. Nh2 Nh5 11. Qd2 Qd6 12. Bh6 Nf4 13. Bxg7 Kxg7 14. Ng4 h5 15. Ne3 Be6 16. Kh2 Rad8 17. Ne2 c4 18. Rad1 cxd3 19. Nxf4 exf4 20. Nc4 Bxc4 21. Qc3+ Qd4 22. Qa3 Qxe4 23. cxd3 Bxd3 24. Rfe1 Qf5 25. Qc3+ Kh7 26. Re5 Qd7 27. Qd2 Bf5 28. Qxf4 Qxd1 29. Rxf5 Qd6 30. Re5 f6 31. Qa4 Qxe5+ 32. f4 Qc7 33. Kg3 Rd3+ 34. Kh4 Rfd8 35. g4 hxg4 36. hxg4 g5+ 37. fxg5 Qg3+ 0-1